| 000 | 00000nam##2200000za#4500 |
| 001 | 9.606197 |
| 003 | CaOODSP |
| 005 | 20210624212515 |
| 007 | cr ||||||||||| |
| 008 | 150406|1981||||xxc|||||o f|0| 0 fre|d |
| 022 | |a1488-545X |
| 040 | |aCaOODSP|bfre |
| 043 | |an-cn--- |
| 086 | 1 |aFs97-6/1034F-PDF |
| 110 | 1 |aCanada. |bMinistère des pêches et des océans. |
| 245 | 10|aAbondance, distribution, mobilité et fréquence de mue de la population de homards des lagunes des Iles-de-la-Madeleine / |h[ressource électronique]|cpar Jean Munro et Jean-Claude Therriault. |
| 260 | |aQuébec - Québec : |bPêches et Océans Canada |c1981. |
| 300 | |a46p. |
| 490 | 1 |aRapport technique canadien des sciences halieutiques et aquatiques|x1488-545X|vN° 1034 |
| 500 | |aSur la p. de t. : Division des sciences halieutiques, Service des pêches de l'Atlantique, Région du Golfe, Québec, Québec. |
| 546 | |a(Abstract in English). |
| 590 | |a13-24-Supp|b2013-10-18 |
| 720 | 1 |aTherriault, Jean-Claude |
| 720 | 1 |aMunro, J. |
| 830 | #0|aRapport technique canadien des sciences halieutiques et aquatiques,|x1488-545X|vN° 1034|w(CaOODSP)9.500867 |
| 856 | 40|ahttp://publications.gc.ca|qPDF|s2164 Ko|uhttps://publications.gc.ca/collections/collection_2013/mpo-dfo/Fs97-6-1034-fra.pdf|yN° 1034 |